<?xml version="1.0" encoding="UTF-8"?>
<record
    xmlns:xsi="http://www.w3.org/2001/XMLSchema-instance"
    xsi:schemaLocation="http://www.loc.gov/MARC21/slim http://www.loc.gov/standards/marcxml/schema/MARC21slim.xsd"
    xmlns="http://www.loc.gov/MARC21/slim">

  <leader>00666nam a22001577a 4500</leader>
  <controlfield tag="003">OSt</controlfield>
  <controlfield tag="005">20151130152903.0</controlfield>
  <controlfield tag="008">151130b        xxu||||| |||| 00| 0 eng d</controlfield>
  <datafield tag="040" ind1=" " ind2=" ">
    <subfield code="c">RUA </subfield>
  </datafield>
  <datafield tag="082" ind1=" " ind2=" ">
    <subfield code="a">FIS NGO 1997 B166 Or.1</subfield>
  </datafield>
  <datafield tag="100" ind1=" " ind2=" ">
    <subfield code="9">4040</subfield>
    <subfield code="a">NGOR PENG BUN</subfield>
  </datafield>
  <datafield tag="245" ind1=" " ind2=" ">
    <subfield code="a">Catch assessment for mobile gear fisheries in kandal province including phnom penh, &#x1780;&#x17B6;&#x179A;&#x179C;&#x17B6;&#x1799;&#x178F;&#x17C6;&#x179B;&#x17C3;&#x1795;&#x179B;&#x1785;&#x17B6;&#x1794;&#x17CB;  &#x178A;&#x17C2;&#x179B;&#x1793;&#x17C1;&#x179F;&#x17B6;&#x1791;&#x1794;&#x17B6;&#x1793; &#x178A;&#x17C4;&#x1799;&#x200B;&#x17A7;&#x1794;&#x1780;&#x179A;&#x178E;&#x17CD;&#x1793;&#x17C1;&#x179F;&#x17B6;&#x1791;&#x1785;&#x179B;&#x17D0;&#x178F; &#x1793;&#x17C5;&#x1780;&#x17D2;&#x1793;&#x17BB;&#x1784;&#x1781;&#x17C1;&#x178F;&#x17D2;&#x178F;&#x1780;&#x178E;&#x17D2;&#x178A;&#x17B6;&#x179B;/&#x1797;&#x17D2;&#x1793;&#x17C6;&#x1796;&#x17C1;&#x1789;.</subfield>
  </datafield>
  <datafield tag="260" ind1=" " ind2=" ">
    <subfield code="a">Phnom Penh </subfield>
    <subfield code="b">RUA </subfield>
    <subfield code="c">1997</subfield>
  </datafield>
  <datafield tag="300" ind1=" " ind2=" ">
    <subfield code="a">56p.</subfield>
    <subfield code="b">ill.</subfield>
    <subfield code="c">29cm.</subfield>
  </datafield>
  <datafield tag="942" ind1=" " ind2=" ">
    <subfield code="2">ddc</subfield>
    <subfield code="c">FIS</subfield>
  </datafield>
  <datafield tag="999" ind1=" " ind2=" ">
    <subfield code="c">3760</subfield>
    <subfield code="d">3760</subfield>
  </datafield>
  <datafield tag="952" ind1=" " ind2=" ">
    <subfield code="0">0</subfield>
    <subfield code="1">0</subfield>
    <subfield code="2">ddc</subfield>
    <subfield code="4">0</subfield>
    <subfield code="6">FIS_NGO_1997_000000000000000_B166_OR_1</subfield>
    <subfield code="7">0</subfield>
    <subfield code="9">18895</subfield>
    <subfield code="a">LBB</subfield>
    <subfield code="b">LBB</subfield>
    <subfield code="c">B166</subfield>
    <subfield code="d">2015-11-30</subfield>
    <subfield code="o">FIS NGO 1997 B166 Or.1</subfield>
    <subfield code="p">RUA020643</subfield>
    <subfield code="r">2015-11-30</subfield>
    <subfield code="w">2015-11-30</subfield>
    <subfield code="y">FIS</subfield>
  </datafield>
  <datafield tag="952" ind1=" " ind2=" ">
    <subfield code="0">0</subfield>
    <subfield code="1">0</subfield>
    <subfield code="2">ddc</subfield>
    <subfield code="4">0</subfield>
    <subfield code="6">FIS_NGO_1997_000000000000000_B166_OR_2</subfield>
    <subfield code="7">0</subfield>
    <subfield code="9">18896</subfield>
    <subfield code="a">LBB</subfield>
    <subfield code="b">LBB</subfield>
    <subfield code="c">B166</subfield>
    <subfield code="d">2015-11-30</subfield>
    <subfield code="o">FIS NGO 1997 B166 Or.2</subfield>
    <subfield code="p">RUA028166</subfield>
    <subfield code="r">2015-11-30</subfield>
    <subfield code="w">2015-11-30</subfield>
    <subfield code="y">FIS</subfield>
  </datafield>
  <datafield tag="952" ind1=" " ind2=" ">
    <subfield code="0">0</subfield>
    <subfield code="1">0</subfield>
    <subfield code="2">ddc</subfield>
    <subfield code="4">0</subfield>
    <subfield code="6">FIS_NGO_1997_000000000000000_B166_OR_3</subfield>
    <subfield code="7">0</subfield>
    <subfield code="9">18897</subfield>
    <subfield code="a">LBB</subfield>
    <subfield code="b">LBB</subfield>
    <subfield code="c">B166</subfield>
    <subfield code="d">2015-11-30</subfield>
    <subfield code="o">FIS NGO 1997 B166 Or.3</subfield>
    <subfield code="p">RUA028238</subfield>
    <subfield code="r">2015-11-30</subfield>
    <subfield code="w">2015-11-30</subfield>
    <subfield code="y">FIS</subfield>
  </datafield>
  <datafield tag="952" ind1=" " ind2=" ">
    <subfield code="0">0</subfield>
    <subfield code="1">0</subfield>
    <subfield code="2">ddc</subfield>
    <subfield code="4">0</subfield>
    <subfield code="6">FIS_NGO_1997_000000000000000_B166_OR_4</subfield>
    <subfield code="7">0</subfield>
    <subfield code="9">18898</subfield>
    <subfield code="a">LBB</subfield>
    <subfield code="b">LBB</subfield>
    <subfield code="c">B166</subfield>
    <subfield code="d">2015-11-30</subfield>
    <subfield code="o">FIS NGO 1997 B166 Or.4</subfield>
    <subfield code="p">RUA028454</subfield>
    <subfield code="r">2015-11-30</subfield>
    <subfield code="w">2015-11-30</subfield>
    <subfield code="y">FIS</subfield>
  </datafield>
  <datafield tag="952" ind1=" " ind2=" ">
    <subfield code="0">0</subfield>
    <subfield code="1">0</subfield>
    <subfield code="2">ddc</subfield>
    <subfield code="4">0</subfield>
    <subfield code="6">FIS_NGO_1997_000000000000000_B166_OR_5</subfield>
    <subfield code="7">0</subfield>
    <subfield code="9">18899</subfield>
    <subfield code="a">LBB</subfield>
    <subfield code="b">LBB</subfield>
    <subfield code="c">B166</subfield>
    <subfield code="d">2015-11-30</subfield>
    <subfield code="o">FIS NGO 1997 B166 Or.5</subfield>
    <subfield code="p">RUA028094</subfield>
    <subfield code="r">2015-11-30</subfield>
    <subfield code="w">2015-11-30</subfield>
    <subfield code="y">FIS</subfield>
  </datafield>
  <datafield tag="952" ind1=" " ind2=" ">
    <subfield code="0">0</subfield>
    <subfield code="1">0</subfield>
    <subfield code="2">ddc</subfield>
    <subfield code="4">0</subfield>
    <subfield code="6">FIS_NGO_1997_000000000000000_B166_OR_6</subfield>
    <subfield code="7">0</subfield>
    <subfield code="9">18900</subfield>
    <subfield code="a">LBB</subfield>
    <subfield code="b">LBB</subfield>
    <subfield code="c">B166</subfield>
    <subfield code="d">2015-11-30</subfield>
    <subfield code="o">FIS NGO 1997 B166 Or.6</subfield>
    <subfield code="p">RUA020438</subfield>
    <subfield code="r">2015-11-30</subfield>
    <subfield code="w">2015-11-30</subfield>
    <subfield code="y">FIS</subfield>
  </datafield>
  <datafield tag="952" ind1=" " ind2=" ">
    <subfield code="0">0</subfield>
    <subfield code="1">0</subfield>
    <subfield code="2">ddc</subfield>
    <subfield code="4">0</subfield>
    <subfield code="6">FIS_NGO_1997_000000000000000_B166_OR_7</subfield>
    <subfield code="7">0</subfield>
    <subfield code="9">18901</subfield>
    <subfield code="a">LBB</subfield>
    <subfield code="b">LBB</subfield>
    <subfield code="c">B166</subfield>
    <subfield code="d">2015-11-30</subfield>
    <subfield code="o">FIS NGO 1997 B166 Or.7</subfield>
    <subfield code="p">RUA028239</subfield>
    <subfield code="r">2015-11-30</subfield>
    <subfield code="w">2015-11-30</subfield>
    <subfield code="y">FIS</subfield>
  </datafield>
  <datafield tag="952" ind1=" " ind2=" ">
    <subfield code="0">0</subfield>
    <subfield code="1">0</subfield>
    <subfield code="2">ddc</subfield>
    <subfield code="4">0</subfield>
    <subfield code="6">FIS_NGO_1997_000000000000000_B166_OR_8</subfield>
    <subfield code="7">0</subfield>
    <subfield code="9">18902</subfield>
    <subfield code="a">LBB</subfield>
    <subfield code="b">LBB</subfield>
    <subfield code="c">B166</subfield>
    <subfield code="d">2015-11-30</subfield>
    <subfield code="l">3</subfield>
    <subfield code="o">FIS NGO 1997 B166 Or.8</subfield>
    <subfield code="p">RUA028167</subfield>
    <subfield code="r">2022-01-21</subfield>
    <subfield code="s">2022-01-14</subfield>
    <subfield code="w">2015-11-30</subfield>
    <subfield code="y">FIS</subfield>
  </datafield>
  <datafield tag="952" ind1=" " ind2=" ">
    <subfield code="0">0</subfield>
    <subfield code="1">0</subfield>
    <subfield code="2">ddc</subfield>
    <subfield code="4">0</subfield>
    <subfield code="6">FIS_NGO_1997_000000000000000_B166_OR_9</subfield>
    <subfield code="7">0</subfield>
    <subfield code="9">18903</subfield>
    <subfield code="a">LBB</subfield>
    <subfield code="b">LBB</subfield>
    <subfield code="c">B166</subfield>
    <subfield code="d">2015-11-30</subfield>
    <subfield code="l">1</subfield>
    <subfield code="o">FIS NGO 1997 B166 Or.9</subfield>
    <subfield code="p">RUA025598</subfield>
    <subfield code="r">2016-04-05</subfield>
    <subfield code="s">2016-03-03</subfield>
    <subfield code="w">2015-11-30</subfield>
    <subfield code="y">FIS</subfield>
  </datafield>
  <datafield tag="952" ind1=" " ind2=" ">
    <subfield code="0">0</subfield>
    <subfield code="1">0</subfield>
    <subfield code="2">ddc</subfield>
    <subfield code="4">0</subfield>
    <subfield code="6">FIS_NGO_1997_000000000000000_B166_OR_10</subfield>
    <subfield code="7">0</subfield>
    <subfield code="9">18904</subfield>
    <subfield code="a">LBB</subfield>
    <subfield code="b">LBB</subfield>
    <subfield code="c">B166</subfield>
    <subfield code="d">2015-11-30</subfield>
    <subfield code="o">FIS NGO 1997 B166 Or.10</subfield>
    <subfield code="p">RUA028022</subfield>
    <subfield code="r">2015-11-30</subfield>
    <subfield code="w">2015-11-30</subfield>
    <subfield code="y">FIS</subfield>
  </datafield>
  <datafield tag="952" ind1=" " ind2=" ">
    <subfield code="0">0</subfield>
    <subfield code="1">0</subfield>
    <subfield code="2">ddc</subfield>
    <subfield code="4">0</subfield>
    <subfield code="6">FIS_NGO_1997_000000000000000_B166_OR_11</subfield>
    <subfield code="7">0</subfield>
    <subfield code="9">18905</subfield>
    <subfield code="a">LBB</subfield>
    <subfield code="b">LBB</subfield>
    <subfield code="c">B166</subfield>
    <subfield code="d">2015-11-30</subfield>
    <subfield code="o">FIS NGO 1997 B166 Or.11</subfield>
    <subfield code="p">RUA028311</subfield>
    <subfield code="r">2015-11-30</subfield>
    <subfield code="w">2015-11-30</subfield>
    <subfield code="y">FIS</subfield>
  </datafield>
</record>
